भारतीय रंगकोश: (Record no. 1679417)

MARC details
000 -LEADER
fixed length control field 01357nam a2200229 4500
005 - DATE AND TIME OF LATEST TRANSACTION
control field 20260211171105.0
008 - FIXED-LENGTH DATA ELEMENTS--GENERAL INFORMATION
fixed length control field 260211b |||||||| |||| 00| 0 eng d
020 ## - INTERNATIONAL STANDARD BOOK NUMBER
International Standard Book Number 9788181970930 (खण्ड 1) (hbk)
037 ## - SOURCE OF ACQUISITION
Terms of availability REF
040 ## - CATALOGING SOURCE
Original cataloging agency CRL
Transcribing agency CRL
041 ## - LANGUAGE CODE
Source of code hin
Language code of text/sound track or separate title hin
084 ## - COLON CLASSIFICATION NUMBER
Classification number NT44k 152P5;R0.1-.3 (RR)
Assigning agency CRL
245 ## - TITLE STATEMENT
Title भारतीय रंगकोश:
Remainder of title संदर्भ: हिन्दी
250 ## - EDITION STATEMENT
Edition statement 2 संस्करण
260 ## - PUBLICATION, DISTRIBUTION, ETC.
Place of publication, distribution, etc. नई दिल्ली, भारत:
Name of publisher, distributor, etc. राष्ट्रीय नाट्य विद्यालय,
Date of publication, distribution, etc. 2020.
300 ## - PHYSICAL DESCRIPTION
Extent खण्ड 1 (1-648 पृ.), खण्ड 2 (1-362पृ.), खण्ड 3 (1-332पृ.)
365 ## - TRADE PRICE
Price amount 2350.00
Currency code INR
650 ## - SUBJECT ADDED ENTRY--TOPICAL TERM
Topical term or geographic name entry element ललित कला
9 (RLIN) 1115391
700 ## - ADDED ENTRY--PERSONAL NAME
Personal name अग्रवाल, प्रतिभा
Relator term सम्पादक
9 (RLIN) 1115392
942 ## - ADDED ENTRY ELEMENTS (KOHA)
Source of classification or shelving scheme Colon Classification (CC)
Suppress in OPAC No
Koha item type Textbook
Edition 2 संस्करण
Classification part NT44k 152P5;R0.1-.3 (RR)

No items available.

Copyright @ Delhi University Library System